| 000 | 00709nam a22002411 4500 | ||
|---|---|---|---|
| 001 | 105436 | ||
| 003 | ES-MaACL | ||
| 005 | 20230906183903.0 | ||
| 007 | t| | ||
| 008 | 060711s1959 sp ||||0| spa d | ||
| 080 | _a86.09"18/19" | ||
| 080 | _a86-822"18/19" | ||
| 100 | 1 |
_aGranjel, Luis S. _959645 |
|
| 245 | 1 | 0 |
_aPanorama de la generación del 98 / _cLuis S. Granjel. |
| 260 |
_aMadrid : _bGuadarrama, _c[1959] |
||
| 300 |
_a535 p., 20 lám ; _c23 cm. |
||
| 490 | 1 |
_aPanoramas ; _v7 |
|
| 650 |
_aGeneración del 98 (Literatura) _913051 |
||
| 830 | 1 |
_aPanoramas ; _v7 _9181169 |
|
| 852 |
_aES-MaACL _jAND-231 _z- Biblioteca Juan Andrade |
||
| 852 |
_aES-MaACL _jC-17569 |
||
| 999 |
_c105436 _d105436 |
||